000 00577nam a2200205Ia 4500
003 GCL
008 140319s9999 xx 000 0 ara d
040 _aGCL /
_cGCL
082 0 4 _a320.532
_bع س
245 1 0 _aسقوط الحلم الشيوعى
260 _a[S.N] :
_bالهيئة المصرية العامة للكتاب ،
_c1995
300 _a323 ص
490 _a
650 0 4 _aالشيوعية
650 0 4 _aاوربا الشرقية
650 0 4 _aالبيروستريكا
650 0 4 _aاوربا
650 0 4 _aالمعسكر الشيوعى
942 _2ddc
_cBK
999 _c37089
_d37089